| 000 | 00790nam a2200229 i 4500 | ||
|---|---|---|---|
| 001 | 164678 | ||
| 003 | ES-MaACL | ||
| 005 | 20230906212959.0 | ||
| 008 | 050804s1861 fr | |||||||| ||fre d | ||
| 040 |
_aCAM _bspa _cCAM |
||
| 100 | 1 |
_aSand, George, _d1804-1876 _9103060 |
|
| 245 | 1 | 0 |
_aNouvelles / _cpar George Sand. |
| 250 | _a[Nouvelle éd.]. | ||
| 260 |
_aParis : _bMichel Lévy frères libraires-éditeurs, _c1861 ( _fImprimerie de J. Claye) |
||
| 300 |
_aIV, 359 p. ; _c18 cm. |
||
| 490 | 1 | _aOeuvres de George Sand | |
| 505 | 8 | _aContiene: La Maquise; Lavinia; Pauline; Mattea; Metella; Melchior | |
| 595 | _aLa mención de ed. tomada de la antep. | ||
| 830 | 0 |
_aOeuvres de George Sand _9188465 |
|
| 852 |
_aES-MaACL _jG-14748 _z-- Enc. hol. |
||
| 999 |
_c164678 _d164678 |
||